|
|
|
|
| LEADER |
00000nab a2200000 a 4500 |
| 001 |
vtls000925954 |
| 003 |
SK-MaSNL |
| 005 |
20260304232244.0 |
| 008 |
040720e19970000xo 0 slo |
| 035 |
|
|
|a KE34831
|
| 040 |
|
|
|a KEVKJB
|b slo
|c KEVKJB
|e AACR2
|
| 041 |
0 |
|
|a slo
|
| 044 |
|
|
|a xo
|c SK
|
| 080 |
|
|
|a 799.3-051
|2 1981
|
| 100 |
1 |
|
|a Gönci, Jozef,
|d 1974-
|4 aut
|9 104368
|
| 245 |
1 |
0 |
|a Jozef Gönci: Rozdal by som si to aj s ministrom obrany
|
| 590 |
|
|
|a Gönci, Jozef 1975-,
|b športový strelec, podporučík
|
| 600 |
1 |
7 |
|a Gönci, Jozef,
|d 1974-,
|2 KEVKJB
|9 104368
|
| 650 |
0 |
7 |
|a športová streľba
|2 KEVKJB
|9 29098
|
| 650 |
0 |
7 |
|a profily
|2 KEVKJB
|9 28648
|
| 650 |
0 |
7 |
|a rozhovory
|2 KEVKJB
|9 453585
|
| 651 |
|
7 |
|a KE,
|2 KEVKJB
|9 877256
|
| 655 |
|
7 |
|a periodikum
|2 snkbucl
|9 29553
|
| 773 |
0 |
8 |
|t Zrno - Hlas, č.16 (1997), s. 4-5,10
|
| 852 |
|
|
|a ZVYKNI
|b KIS3GCP
|
| 999 |
|
|
|c 3192883
|d 3194813
|